Expolering gender speak personal effectiveness in gender communication

Tallennettuna:
Bibliografiset tiedot
Päätekijä: Ivy, Diana K.
Aineistotyyppi: Kirja
Kieli:English
Julkaistu: 2000
Aiheet:
Tagit: Lisää tagi
Ei tageja, Lisää ensimmäinen tagi!
Thư viện lưu trữ: Mạng thư viện Đại học Đà Nẵng
LEADER 00869nam a22002531a 4500
001 000034570
003 10773
005 20151027133637.0
008 151027s2000 000 eng
041 |a eng 
082 |a 420.8  |b IV-D 
100 |a Ivy, Diana K. 
245 |a Expolering gender speak personal effectiveness in gender communication  |c Diana K.Ivy 
260 |c 2000 
300 |a 508p. : ill ; 25cm 
650 |a Diana K.Ivy, 2000, speak, speaking, listening 
OWN |a LNN 
AVA |a UDN50  |b LNN  |d 420.8 IV-D  |e available  |t Error 5001 Not defined in file expand_doc_bib_avail.  |f 1  |g 0  |h N  |i 0  |k 1 
999 |a From the UDN01 
AVA |a UDN50  |b LNN  |d 420.8 IV-D  |e available  |t Error 5001 Not defined in file expand_doc_bib_avail.  |f 1  |g 0  |h N  |i 0  |k 1 
TYP |a Monograph 
980 |a Mạng thư viện Đại học Đà Nẵng